header

Museum bodies (Record no. 105309)

MARC details
000 -LEADER
fixed length control field 01456nam a2200349 a 4500
082 04 - DEWEY DECIMAL CLASSIFICATION NUMBER
Classification number 069
100 1# - MAIN ENTRY--AUTHOR NAME
Personal name Leahy, Helen Rees.
245 10 - TITLE STATEMENT
Title Museum bodies
260 ## - PUBLICATION, DISTRIBUTION, ETC. (IMPRINT)
Place of publication Farnham, Surrey, England ;
-- Burlington, Vt. :
Name of publisher Ashgate,
Year of publication c2012.
300 ## - PHYSICAL DESCRIPTION
Number of Pages ix, 204 p. :
Other physical details ill.
505 0# - FORMATTED CONTENTS NOTE
Formatted contents note Making a social body -- Not just looking -- Walking the museum -- Performing the museum -- Bodies of protest -- Disquieting bodies.
650 #0 - SUBJECT ADDED ENTRY--TOPICAL TERM
Topical Term Museums
Topical Term Museum visitors.
Topical Term Museum attendance.
Topical Term Museum techniques.
856 40 - ELECTRONIC LOCATION AND ACCESS
Uniform Resource Identifier http://site.ebrary.com/lib/rucke/Doc?id=10590614

No items available.

© 2026 Rongo University
Contact us: librarian | system librarian | Rongo university